| 000 | 00000nam##2200000za#4500 |
| 001 | 9.697785 |
| 003 | CaOODSP |
| 005 | 20210624235633 |
| 007 | cr ||||||||||| |
| 008 | 150407|1992||||xxc|||||o f|0| 0 eng|d |
| 040 | |aCaOODSP|beng |
| 043 | |an-cn--- |
| 086 | 1 |aA63-1670/1992E-PDF |
| 110 | 1 |aCanada.|bAgriculture Canada.|bResearch Branch. |
| 245 | 10|aFeeding beef cows and heifers / |h[electronic resource]|c[by] L.M. Rode, R. Hironaka and D.M. Bowden. |
| 250 | |aRevised 1992 |
| 260 | |aOttawa - Ontario : |bAgriculture Canada. |cc1992. |
| 300 | |a52p.|bfigs., references, tables |
| 500 | |aHistorical publication digitized by Agriculture and Agri-Food Canada. Originally published: 1979. |
| 590 | |a13-17-Supp|b2013-07-25 |
| 690 | 07|aAnimal nutrition|2gcpds |
| 690 | 07|aBeef cattle|2gcpds |
| 690 | 07|aAnimal husbandry|2gcpds |
| 775 | 08|tAlimentation des vaches et des génisses de boucherie / |w(CaOODSP)9.642235 |
| 856 | 40|ahttp://publications.gc.ca|qPDF|s3.02 MB|uhttps://publications.gc.ca/collections/collection_2013/aac-aafc/agrhist/A63-1670-1992-eng.pdf |
| 986 | |a1670/E |